| 000 | 01207nam a22002297a 4500 | ||
|---|---|---|---|
| 003 | NALT | ||
| 005 | 20220915122815.0 | ||
| 008 | s2546 th tha d | ||
| 040 | _aNALT | ||
| 041 | _atha | ||
| 050 |
_aDS 352.5 _bว321ค 2546 |
||
| 100 | 0 |
_aวราภรณ์ จุลปานนท์ _927571 |
|
| 245 | 1 | 0 |
_aโครงการหนังสือคู่มือภูมิภาคแอฟริกาใต้ทะเลทรายซาฮารา / _cวราภรณ์ จุลปานนท์. |
| 260 |
_aกรุงเทพฯ : _bสำนักงานกองทุนสนับสนุนการวิจัย, _c2546. |
||
| 300 |
_a286 หน้า : _bภาพประกอบ, ตาราง ; _c29 ซม. |
||
| 650 | 0 | 4 | _aทะเลทรายซาฮารา -- แอฟริกาใต้ -- วิจัย |
| 651 | 4 |
_927660 _aแอฟริกาใต้ (ประเทศ) _xภูมิประเทศและการท่องเที่ยว |
|
| 651 | 4 |
_958992 _aทะเลทรายซาฮารา _zแอฟริกาใต้ |
|
| 850 | _aNALT | ||
| 942 |
_cRSH _2lcc |
||
| 998 |
_bphon _j104 _k นางสาวสายฝน ดีงาม |
||
| 999 |
_c43765 _d43765 |
||